00441nam a2200157Ia 4500003000400000005001700004008004000021020001700061040000700078082001600085100004000101245005600141260005300197300000900250650002400259OSt20241112150804.0210210b1994 xxu||||| |||| 00| 0 eng d a81 7194 82 X cAL a657.46 BHAT aBHARGAVA (U K) and HARGAVA (Rakesh) aTaxmans wealth tax act and gift tax act with rules. aNew Delhi.bTaxmann Publications (P.) Ltdc1994 a5,31 aWealth Tax Act Gift